Language in education : (رقم التسجيلة. 35129)

تفاصيل مارك
000 -الفاتح
حقل البيانات ثابتة الطول 01141cam a2200325 i 4500
001 - رقم الضبط
رقم الضبط 17745156
003 - محدد رقم الضبط
رقم الضبط OSt
005 - وقت وتاريخ اخر تعامل مع التسجيلة
رقم الضبط 20150408114218.0
008 - عناصر البيانات ثابتة الطول - معلومات عامة
حقل البيانات ثابتة الطول 140715s2014 enka g b 001 0 eng
020 ## - الرقم الدولى المعيارى للكتب
الرقم الدولى المعيارى للكتاب 9781441151940
020 ## - الرقم الدولى المعيارى للكتب
الرقم الدولى المعيارى للكتاب 9781441151810
020 ## - الرقم الدولى المعيارى للكتب
الرقم الدولى المعيارى للكتاب الملغى /الخاطئ 9781441150776 (ebook (epub) : alk. paper)
020 ## - الرقم الدولى المعيارى للكتب
الرقم الدولى المعيارى للكتاب الملغى /الخاطئ 9781441194121 (ebook (pdf) : alk. paper)
040 ## - مصدر الفهرسة
وكالة الفهرسة الأصلية Ma-Un
082 00 - رقم تصنيف ديوى العشرى
رقم الطبعة 22
رقم التصنيف 306.44
رقم المادة LAE
245 00 - بيان العنوان
العنوان Language in education :
بقية العنوان social implications /
بيان المسئوليه,etc Edited by Rita Elaine Silver, Soe Marlar Lwin.
300 ## - الوصف المادى
التعداد ix, 201 p. :
تفاصيل ماديه اخرى للوعاء ill. ;
أبعاد الوعاء 24 cm
490 0# - بيان السلسلة
عنوان السلسلة Bloomsbury Advances in Semiotics
504 ## - تبصرة ببليوجرافية
تبصرة ببليوجرافية,الخ Includes bibliographical references and index.
650 ## - المدخل الاضافى بالموضوع-مصطلح موضوعى
مصطلح موضوعي أو اسم جغرافي كعنصر مدخل Language and education
650 ## - المدخل الاضافى بالموضوع-مصطلح موضوعى
مصطلح موضوعي أو اسم جغرافي كعنصر مدخل Language and languages
التقسيم الفرعي العام Study and teaching
650 ## - المدخل الاضافى بالموضوع-مصطلح موضوعى
مصطلح موضوعي أو اسم جغرافي كعنصر مدخل Language policy
9 (RLIN) 7334
650 ## - المدخل الاضافى بالموضوع-مصطلح موضوعى
مصطلح موضوعي أو اسم جغرافي كعنصر مدخل Interdisciplinary approach in education
650 ## - المدخل الاضافى بالموضوع-مصطلح موضوعى
مصطلح موضوعي أو اسم جغرافي كعنصر مدخل Education
التقسيم الفرعي العام Social aspects
9 (RLIN) 44977
650 ## - المدخل الاضافى بالموضوع-مصطلح موضوعى
مصطلح موضوعي أو اسم جغرافي كعنصر مدخل Sociolinguistics
700 1# - المدخل الاضافى - اسم شخصى
الإسم الشخصى Silver, Rita
9 (RLIN) 45259
700 1# - المدخل الاضافى - اسم شخصى
الإسم الشخصى Lwin, Soe Marlar
9 (RLIN) 45260
942 ## -
-- ddc
-- BOOK
999 ## -
-- 35129
-- 269629
المقتنيات
حالة الفقد نموذج السعر الفعال حالة تلف ليس للاعارة رقم الطلب رقم النسخة تاريخ الاكتساب مصدر التزويد Serial Enumeration / chronology الباركود الفرع الرئيسي Date last seen نوع المادة فى نظام كوها مصدر التصنيف او خطة الترفيف Total Checkouts Date last checked out
  2014-05-15   Not For Loan 306.44 LAE 1 2014-05-15 دار العرب SRF 00210624 مكتبة كلية العلوم و الدراسات الإنسانية برماح - طالبات (SRF) 2014-05-15 كتاب Dewey Decimal Classification    
  2014-05-15     306.44 LAE 2 2014-05-15 دار العرب SRF 00210625 مكتبة كلية العلوم و الدراسات الإنسانية برماح - طالبات (SRF) 2023-09-28 كتاب Dewey Decimal Classification 2 2023-09-18
  2014-05-15   Not For Loan 306.44 LAE 1 2014-05-15 دار العرب SRM 00210626 مكتبة كلية العلوم و الدراسات الإنسانية برماح - طلاب (SRM) 2014-05-15 كتاب Dewey Decimal Classification    
  2014-05-15     306.44 LAE 2 2014-05-15 دار العرب SRM 00210627 مكتبة كلية العلوم و الدراسات الإنسانية برماح - طلاب (SRM) 2014-05-15 كتاب Dewey Decimal Classification